000 00938nam a2200325 a 4500
003 AR-BaBNM
005 20251128210658.0
008 082120s2002 ||||||||||||||000 | spa||
020 _a950-511-659-4
040 _cAR-BaBNM
100 1 _aSchávelzon, Daniel
245 0 0 _aHistorias del comer y del beber en Buenos Aires
_barqueología histórica de la vajilla de mesa
260 _aBuenos Aires
_bAguilar
_c2000
300 _a221 p.
_bláms.
504 _aContiene bibliografía para consultar
650 4 _aHISTORIA ARGENTINA
650 4 _aALIMENTOS
650 4 _aNECESIDADES HUMANAS
650 4 _aCOSTUMBRES ALIMENTARIAS
650 4 _aINDUSTRIA ALIMENTARIA
650 4 _aPRODUCCION ALIMENTARIA
650 4 _aCOCINA
650 4 _aARQUEOLOGIA
650 4 _aARQUEOLOGOS
653 _aVIDA PRIVADA
653 _aHISTORIA URBANA
700 1 _aBurucúa, José Emilio
_eprologuista
942 _cBK
998 _cMariana
999 _c16399
_d16399